Production, multi- sectoral growth and planning: Essays in memory of leif johansen
Uloženo v:
| Hlavní autor: | |
|---|---|
| Médium: | Kniha |
| Jazyk: | Undetermined |
| Vydáno: |
Amsterdam
North- holland
1985
|
| Tagy: |
Přidat tag
Žádné tagy, Buďte první, kdo otaguje tento záznam!
|
| Thư viện lưu trữ: | Trung tâm Học liệu Trường Đại học Cần Thơ |
|---|
| LEADER | 00534nam a2200181Ia 4500 | ||
|---|---|---|---|
| 001 | CTU_69014 | ||
| 008 | 210402s9999 xx 000 0 und d | ||
| 082 | |a 338.9 | ||
| 082 | |b F733 | ||
| 100 | |a Finn R. Forsund | ||
| 245 | 0 | |a Production, multi- sectoral growth and planning: | |
| 245 | 0 | |b Essays in memory of leif johansen | |
| 245 | 0 | |c Finn R. Forsund, Michael Hoel, Svein Longva | |
| 260 | |a Amsterdam | ||
| 260 | |b North- holland | ||
| 260 | |c 1985 | ||
| 904 | |i TUYEN | ||
| 980 | |a Trung tâm Học liệu Trường Đại học Cần Thơ | ||